[Event "XXIV Weekend B"]
[Site "Robecchetto con Induno ITA"]
[Date "2013.12.29"]
[Round "5"]
[White "Minore, Antonino"]
[Black "Puricelli, Roberto"]
[WhiteElo "1275"]
[BlackElo "1496"]
[Result "0-1"]
[PlyCount "60"]
[EventDate "2013.12.27"]

1. d4 d5 2. Nf3 e6 3. g3 c5 4. c4 dxc4 5. Nc3 Nf6 6. Bg5 cxd4 7. Bxf6 Qxf6 8.
Nxd4 Bd7 9. Bg2 Nc6 10. Nxc6 bxc6 11. O-O Bc5 12. Ne4 Qe7 13. Qc2 O-O 14. Qxc4
Bb6 15. Rad1 Rac8 16. Nd6 Rc7 17. Be4 c5 18. Rd3 Bc6 19. Rfd1 Bxe4 20. Nxe4 h6
21. h4 Kh8 22. Kg2 Qe8 23. f4 Qc6 24. Kh3 Qa8 25. Nf2 Rcc8 26. e4 Rcd8 27. Ng4
Rxd3 28. Rxd3 f5 29. exf5 exf5 30. Ne5 Qh1# 0-1

[Event "XXIV Weekend B"]
[Site "Robecchetto con Induno ITA"]
[Date "2013.12.29"]
[Round "5"]
[White "Orlandi, Paolo"]
[Black "Negro, Andrea"]
[WhiteElo "1659"]
[BlackElo "1338"]
[Result "1/2-1/2"]
[PlyCount "105"]
[EventDate "2013.12.27"]

1. e4 e5 2. d4 exd4 3. Qxd4 Nc6 4. Qe3 d6 5. Bd2 Nf6 6. Nc3 Be7 7. O-O-O Be6 8.
f4 O-O 9. f5 Bd7 10. Nf3 Re8 11. h3 Bf8 12. Qf4 Ne5 13. Nxe5 dxe5 14. Qf2 Bd6
15. g4 Bc6 16. Bd3 Qe7 17. g5 Nd7 18. f6 gxf6 19. gxf6 Qxf6 20. Rhg1+ Kf8 21.
Qg2 Bc5 22. Rgf1 Qg6 23. Qf3 Re6 24. Nd5 Rc8 25. b4 Bb6 26. b5 Bxd5 27. exd5
Rf6 28. Bxg6 Rxf3 29. Rxf3 hxg6 30. Rdf1 f6 31. a4 Bc5 32. h4 Kg7 33. h5 g5 34.
Bxg5 fxg5 35. Rf7+ Kh6 36. Rxd7 Kxh5 37. Rf5 Be3+ 38. Kd1 Bf4 39. Rff7 e4 40.
Ke2 Kg4 41. Rde7 e3 42. c4 b6 43. Rh7 Kg3 44. Rh5 Kg4 45. Reh7 Kf5 46. Rh8 Rxh8
47. Rxh8 g4 48. Rh7 Ke4 49. Rh4 g3 50. Rg4 Kf5 51. Rg8 Ke4 52. Rg4 Kf5 53. Rg8
1/2-1/2

[Event "XXIV Weekend B"]
[Site "Robecchetto con Induno ITA"]
[Date "2013.12.29"]
[Round "5"]
[White "Pivari, Flavio"]
[Black "Gonella, Graziano"]
[WhiteElo "1464"]
[BlackElo "1155"]
[Result "1-0"]
[PlyCount "91"]
[EventDate "2013.12.27"]

1. e4 e5 2. Nf3 Nc6 3. Bb5 Nd4 4. Nxd4 exd4 5. c3 Qg5 6. Bf1 Bc5 7. d3 Qf6 8.
b4 Bd6 9. c4 Bxb4+ 10. Bd2 Bc5 11. a3 b6 12. Be2 Bb7 13. O-O O-O-O 14. Bb4 d6
15. Bxc5 dxc5 16. Nd2 Ne7 17. a4 Rd6 18. Nf3 h6 19. e5 Qg6 20. exd6 cxd6 21. a5
Bxf3 22. Bxf3 Kc7 23. axb6+ axb6 24. Ra7+ Kd8 25. Qa4 Qe6 26. Bd5 Nxd5 27. cxd5
Qf5 28. Ra8+ Ke7 29. Rxh8 Qxd5 30. Qe8+ Kf6 31. Qd8+ Kg6 32. Qxb6 h5 33. Rd8 f6
34. Rxd6 Qf5 35. Qa6 h4 36. h3 Kh5 37. Qc4 g6 38. Rd5 Qxd5 39. Qxd5+ f5 40.
Qxc5 Kg5 41. Qxd4 Kh5 42. g4+ fxg4 43. Qe5+ g5 44. hxg4+ Kxg4 45. Kh2 Kh5 46.
f4 1-0

[Event "XXIV Weekend B"]
[Site "Robecchetto con Induno ITA"]
[Date "2013.12.29"]
[Round "5"]
[White "Posapiano, Giacomo"]
[Black "Santarelli, Sabatino"]
[WhiteElo "1598"]
[BlackElo "1641"]
[Result "0-1"]
[PlyCount "122"]
[EventDate "2013.12.27"]

1. d4 Nf6 2. c4 c5 3. d5 d6 4. Nc3 g6 5. Nf3 Bg7 6. e3 O-O 7. Be2 a6 8. a4 Bg4
9. O-O Nbd7 10. Nh4 Bxe2 11. Qxe2 e6 12. Nf3 e5 13. e4 Nh5 14. Be3 Qc8 15. h3
b6 16. Qd2 a5 17. Nb5 Qb8 18. Bh6 f6 19. Bxg7 Kxg7 20. g3 Rf7 21. Qe2 Qf8 22.
Nc7 Re7 23. Nxa8 Qxa8 24. Nh4 Kh8 25. Ra3 Qf8 26. Kh2 Rf7 27. f4 Ng7 28. Raf3
exf4 29. gxf4 Qe7 30. Qe1 Rf8 31. Rg1 Qf7 32. Rgf1 Re8 33. Re3 Qe7 34. Rg1 Nf8
35. Rb3 Qxe4 36. Qxe4 Rxe4 37. Rxb6 Rxf4 38. Rg4 Rf2+ 39. Kg3 Rc2 40. Rxd6 g5
41. Rxf6 gxh4+ 42. Rxh4 Kg8 43. Rf2 Rc1 44. Rg4 Ng6 45. Rg2 Nf5+ 46. Kf2 Kf7
47. Ke2 Nd4+ 48. Kd3 Ne5+ 49. Ke3 Nxg4+ 50. hxg4 Rxc4 51. Rh2 Kg7 52. Ke4 Rxa4
53. d6 Nb3+ 54. Kd5 Rd4+ 55. Kc6 c4 56. Re2 Rxg4 57. Re5 Nd4+ 58. Kc7 Kf6 59.
Rh5 Rg7+ 60. Kb6 Ke6 61. Kc5 Nf5 0-1

[Event "XXIV Weekend B"]
[Site "Robecchetto con Induno ITA"]
[Date "2013.12.29"]
[Round "5"]
[White "Sacchi, Luca"]
[Black "Rossi, Enrico"]
[WhiteElo "1332"]
[BlackElo "1373"]
[Result "0-1"]
[PlyCount "130"]
[EventDate "2013.12.27"]

1. e4 e5 2. Nf3 Nc6 3. Bc4 d6 4. c3 Bg4 5. d3 Na5 6. Bb5+ c6 7. Ba4 b5 8. Bc2
Nf6 9. Nbd2 Be7 10. Nf1 O-O 11. Ng3 Qb6 12. Be3 Qb7 13. b4 Nc4 14. dxc4 bxc4
15. h3 Be6 16. a3 Rad8 17. O-O Rfe8 18. Ng5 h6 19. Nxe6 fxe6 20. Nh5 d5 21.
Nxf6+ Bxf6 22. Qh5 d4 23. cxd4 exd4 24. Bf4 Qf7 25. Qxf7+ Kxf7 26. e5 Be7 27.
Rad1 d3 28. Bxd3 Rxd3 29. Rxd3 cxd3 30. Rd1 Rd8 31. Kf1 Rd4 32. Be3 Rd7 33. Ke1
Kg6 34. Kd2 Kf5 35. f4 Ke4 36. Rc1 Rc7 37. Rc4+ Kf5 38. Kxd3 Rd7+ 39. Rd4 Rc7
40. g4+ Kg6 41. Bf2 Rb7 42. Be1 a5 43. h4 c5 44. h5+ Kf7 45. bxc5 Bxc5 46. Ra4
Rb3+ 47. Bc3 Rxa3 48. Rxa3 Bxa3 49. Bxa5 Bc1 50. Ke4 Bb2 51. f5 Ba1 52. Bb6 Bc3
53. Bd4 Bb4 54. Kd3 Be7 55. f6 gxf6 56. exf6 Bxf6 57. Bxf6 Kxf6 58. Ke3 Kg5 59.
Kf3 e5 60. Kg3 e4 61. Kf2 Kxg4 62. Ke3 Kxh5 63. Kxe4 Kg4 64. Ke3 Kg3 65. Ke2
Kg2 0-1

[Event "XXIV Weekend B"]
[Site "Robecchetto con Induno ITA"]
[Date "2013.12.30"]
[Round "6"]
[White "Cavagna, Marco"]
[Black "Rossi, Enrico"]
[WhiteElo "1527"]
[BlackElo "1373"]
[Result "0-1"]
[PlyCount "104"]
[EventDate "2013.12.27"]

1. d4 d5 2. Nf3 Bg4 3. e3 e6 4. Be2 Nf6 5. Nc3 Bb4 6. Bd2 O-O 7. O-O c6 8. a3
Bd6 9. b4 Qc7 10. g3 Nbd7 11. Re1 Bxf3 12. Bxf3 e5 13. Ne2 e4 14. Bg2 h5 15. h4
Nb6 16. c3 Nc4 17. Qc2 Ng4 18. Bf1 Rae8 19. Nf4 Bxf4 20. exf4 Re6 21. Bxc4 dxc4
22. Rxe4 Rfe8 23. Rae1 Qd7 24. f5 R6e7 25. f3 Rxe4 26. Rxe4 Nf6 27. Re5 Kf8 28.
Bg5 Nd5 29. g4 f6 30. Rxe8+ Qxe8 31. Bd2 hxg4 32. fxg4 Qe2 33. g5 Ne3 34. Qe4
Qf1+ 35. Kh2 Qf2+ 36. Kh3 Qxd2 37. Kg3 Nf1+ 38. Kg4 Qd1+ 39. Kf4 Nd2 40. Qe3
Qf1+ 41. Kg3 Qd1 42. Kf4 Nf1 43. Qe4 Nh2 44. Kg3 Nf1+ 45. Kf2 Nh2 46. Qg2 Ng4+
47. Kg3 Ne3 48. Qf2 Qg4+ 49. Kh2 Nxf5 50. d5 Nxh4 51. dxc6 Nf3+ 52. Kh1 Qh3+
0-1

[Event "XXIV Weekend B"]
[Site "Robecchetto con Induno ITA"]
[Date "2013.12.30"]
[Round "6"]
[White "Ciochetta, Giovanni"]
[Black "Assanelli, Andrea"]
[WhiteElo "1584"]
[BlackElo "1440"]
[Result "0-1"]
[PlyCount "112"]
[EventDate "2013.12.27"]

1. e4 d6 2. d4 Nf6 3. Nc3 g6 4. f4 Bg4 5. Be2 Bxe2 6. Qxe2 Bg7 7. Nf3 O-O 8.
O-O Re8 9. h3 a6 10. Be3 Nc6 11. Rad1 Nd7 12. e5 Nf8 13. d5 Na7 14. Bd4 c5 15.
dxc6 Nxc6 16. Nd5 Nxd4 17. Rxd4 Qa5 18. Rd3 Rac8 19. a3 Qc5+ 20. Rf2 Ne6 21. b4
Qc6 22. Qd2 b5 23. Rc3 Qb7 24. Rd3 Qc6 25. Qe3 Rcd8 26. Rfd2 Kh8 27. h4 Rd7 28.
Rc3 Qb7 29. Ng5 Nxg5 30. hxg5 dxe5 31. Rcd3 exf4 32. Qxf4 e6 33. Nf6 Rxd3 34.
Rxd3 Qb6+ 35. Kh2 Rd8 36. Rh3 Bxf6 37. Qxf6+ Kg8 38. Rf3 Qc7+ 39. Kh3 Rd2 40.
Rc3 Qb7 41. Qf3 Qxf3+ 42. gxf3 Rd6 43. Rc8+ Kg7 44. Kg3 h6 45. gxh6+ Kxh6 46.
c4 bxc4 47. Rxc4 Kg5 48. a4 f5 49. b5 axb5 50. axb5 Rb6 51. f4+ Kf6 52. Rc5 g5
53. Kf3 gxf4 54. Kxf4 Rb7 55. Re5 Rc7 56. Re2 Rc4+ 0-1

[Event "XXIV Weekend B"]
[Site "Robecchetto con Induno ITA"]
[Date "2013.12.30"]
[Round "6"]
[White "Folcini, Gaddo"]
[Black "Vignati, Andrea"]
[WhiteElo "1579"]
[BlackElo "1501"]
[Result "1-0"]
[PlyCount "47"]
[EventDate "2013.12.27"]

1. e4 e5 2. d4 Nc6 3. d5 Nce7 4. Nc3 Nf6 5. Bg5 h6 6. Bxf6 gxf6 7. Bc4 d6 8.
Qd2 f5 9. O-O-O Bg7 10. f4 f6 11. fxe5 fxe5 12. Qf2 h5 13. Nh3 Bd7 14. Ng5 Ng6
15. Ne6 Bxe6 16. dxe6 Nf4 17. Qd2 Bh6 18. Kb1 Nxe6 19. Qd5 Ng5 20. Qxb7 Qb8 21.
Qc6+ Ke7 22. Nd5+ Ke6 23. Nxc7+ Ke7 24. Qxd6# 1-0

[Event "XXIV Weekend B"]
[Site "Robecchetto con Induno ITA"]
[Date "2013.12.30"]
[Round "6"]
[White "Gerosa, Ottavio"]
[Black "Palermiti, Francesco"]
[WhiteElo "1467"]
[BlackElo "1467"]
[Result "1-0"]
[PlyCount "81"]
[EventDate "2013.12.27"]

1. e4 c5 2. Nc3 d6 3. Nf3 Nf6 4. a3 a6 5. Bc4 e6 6. Qe2 Nc6 7. d3 Be7 8. O-O
O-O 9. h3 b5 10. Ba2 Bb7 11. Be3 Qc7 12. b4 Rfd8 13. Bf4 Nd4 14. Nxd4 cxd4 15.
Nd1 Rac8 16. Rc1 e5 17. Bg3 a5 18. c3 axb4 19. axb4 Qb6 20. Kh1 Qa7 21. Qd2 h6
22. Ra1 Qb6 23. c4 bxc4 24. Bxc4 Nh5 25. Nb2 Bc6 26. Bb3 Bb5 27. Nc4 Bxc4 28.
Bxc4 Rb8 29. Rfb1 Nxg3+ 30. fxg3 Ra8 31. Rxa8 Rxa8 32. Qf2 Bf6 33. Bd5 Ra3 34.
Qc2 Rc3 35. Qe2 Qc7 36. b5 Rc1+ 37. Rxc1 Qxc1+ 38. Kh2 Qb1 39. Bc4 Kf8 40. Qg4
Bd8 41. Qd7 1-0

[Event "XXIV Weekend B"]
[Site "Robecchetto con Induno ITA"]
[Date "2013.12.30"]
[Round "6"]
[White "Gonella, Graziano"]
[Black "Corbelli, Daniele"]
[WhiteElo "1155"]
[BlackElo "1467"]
[Result "0-1"]
[PlyCount "88"]
[EventDate "2013.12.27"]

1. e4 e5 2. Nf3 Nc6 3. d4 exd4 4. Nxd4 Bc5 5. Be3 Qf6 6. c3 Nge7 7. Qd2 h6 8.
Bc4 Ne5 9. Be2 a6 10. b4 Ba7 11. O-O O-O 12. f4 N5c6 13. e5 Qg6 14. Bd3 f5 15.
exf6 Qxf6 16. Bc4+ d5 17. Be2 Bf5 18. Na3 b5 19. Kh1 Be4 20. Bf3 Bxf3 21. Nxf3
Bxe3 22. Qxe3 Qxf4 23. Qe6+ Qf7 24. Qd7 Ra7 25. Kg1 Qf5 26. Qxf5 Nxf5 27. Rad1
Ne3 28. Rxd5 Nxd5 29. c4 bxc4 30. Nxc4 Ndxb4 31. a3 Nc2 32. Nce5 Nxe5 33. Nxe5
Rxf1+ 34. Kxf1 Nxa3 35. Nc6 Rb7 36. Kf2 Nc4 37. Kg3 a5 38. h4 a4 39. Ne7+ Kf7
40. Nd5 Rb3+ 41. Kf4 a3 42. Nxc7 a2 43. g4 a1=Q 44. g5 Qe5+ 0-1

[Event "XXIV Weekend B"]
[Site "Robecchetto con Induno ITA"]
[Date "2013.12.30"]
[Round "6"]
[White "Koureas, Panicos"]
[Black "Macchiettini, Pierangelo"]
[WhiteElo "1418"]
[BlackElo "1697"]
[Result "1/2-1/2"]
[PlyCount "52"]
[EventDate "2013.12.27"]

1. e4 c5 2. Nc3 d6 3. f4 Nf6 4. Nf3 Bg4 5. Bb5+ Bd7 6. O-O Bxb5 7. Nxb5 a6 8.
Nc3 Nc6 9. d3 e6 10. Qe1 Qc7 11. f5 e5 12. Bg5 Ne7 13. Nd2 Nfg8 14. f6 gxf6 15.
Qf2 Bg7 16. Bh4 O-O-O 17. Nc4 Rf8 18. Qg3 Ng6 19. Nd5 Qd8 20. Qg4+ Kb8 21. Be1
h5 22. Qh3 N8e7 23. Ba5 Qc8 24. Bc7+ Ka7 25. Bb6+ Kb8 26. Bc7+ Ka7 1/2-1/2

[Event "XXIV Weekend B"]
[Site "Robecchetto con Induno ITA"]
[Date "2013.12.30"]
[Round "6"]
[White "Loaldi, Davide"]
[Black "Longo, Giovanni"]
[WhiteElo "1551"]
[BlackElo "1662"]
[Result "1/2-1/2"]
[PlyCount "31"]
[EventDate "2013.12.27"]

1. d4 d5 2. Nf3 Nf6 3. e3 e6 4. Bd3 Bd6 5. O-O O-O 6. Nbd2 Nbd7 7. Qe2 c5 8. b3
b6 9. Bb2 Bb7 10. Ne5 Qc7 11. f4 cxd4 12. exd4 Bb4 13. c3 Bd6 14. Rad1 Rfe8 15.
g4 g6 16. h4 1/2-1/2

[Event "XXIV Weekend B"]
[Site "Robecchetto con Induno ITA"]
[Date "2013.12.30"]
[Round "6"]
[White "Minore, Antonino"]
[Black "Orlandi, Paolo"]
[WhiteElo "1275"]
[BlackElo "1659"]
[Result "1/2-1/2"]
[PlyCount "64"]
[EventDate "2013.12.27"]

1. d4 Nf6 2. c4 g6 3. Bg5 Bg7 4. Nc3 c5 5. d5 O-O 6. Qd2 d6 7. Nf3 Bg4 8. h3
Bxf3 9. gxf3 a6 10. O-O-O b5 11. Bh6 bxc4 12. Bxg7 Kxg7 13. e4 Nbd7 14. Bxc4
Ne5 15. Be2 Qa5 16. Rdg1 Ne8 17. h4 h5 18. Qg5 Nf6 19. f4 Ned7 20. Bxh5 Nxh5
21. Qxh5 Rh8 22. Qf3 Rh6 23. h5 Rah8 24. hxg6 Rxh1 25. Rxh1 Rxh1+ 26. Qxh1 fxg6
27. Qg1 Qb4 28. f5 Ne5 29. Qg3 Qd4 30. Kc2 c4 31. a4 Qd3+ 32. Qxd3 Nxd3 1/2-1/2

[Event "XXIV Weekend B"]
[Site "Robecchetto con Induno ITA"]
[Date "2013.12.30"]
[Round "6"]
[White "Monzeglio, Graziella"]
[Black "Sacchi, Luca"]
[WhiteElo "1295"]
[BlackElo "1332"]
[Result "0-1"]
[PlyCount "78"]
[EventDate "2013.12.27"]

1. d4 b6 2. Nf3 Bb7 3. e3 e6 4. Bd3 g6 5. O-O Bg7 6. Nbd2 d6 7. Re1 Nd7 8. c3
Ne7 9. e4 a6 10. Qe2 O-O 11. e5 d5 12. b3 c5 13. c4 Qc7 14. Ba3 Rfc8 15. cxd5
Nxd5 16. Qe4 Nb4 17. Qe3 Nxd3 18. Qxd3 Bd5 19. Rac1 Qc6 20. dxc5 bxc5 21. h3 a5
22. Rc3 Ra7 23. Rec1 Rac7 24. Ng5 Bxe5 25. R3c2 Bxg2 26. b4 axb4 27. Bxb4 Bd5
28. Ba5 Nb6 29. Rxc5 Qd6 30. Rxc7 Rxc7 31. Rxc7 Qxc7 32. Ndf3 Bf6 33. a3 Qd6
34. Qb5 Nd7 35. Bb4 Qc6 36. Qxc6 Bxc6 37. Nd2 Bxg5 38. Nc4 Bd5 39. a4 Bxc4 0-1

[Event "XXIV Weekend B"]
[Site "Robecchetto con Induno ITA"]
[Date "2013.12.30"]
[Round "6"]
[White "Negro, Andrea"]
[Black "Pivari, Flavio"]
[WhiteElo "1338"]
[BlackElo "1464"]
[Result "1-0"]
[PlyCount "53"]
[EventDate "2013.12.27"]

1. e4 c5 2. Nf3 d6 3. d4 cxd4 4. Nxd4 Nf6 5. Nc3 a6 6. Be3 e6 7. f3 Qb6 8. Qc1
Nc6 9. Nxe6 Qa5 10. Nxf8 Rxf8 11. Qd2 Qd8 12. O-O-O Be6 13. Qxd6 Qe7 14. Qxe7+
Nxe7 15. e5 Nd7 16. f4 f5 17. Be2 Kf7 18. Bf3 Nc6 19. Bd5 Rfe8 20. Bxe6+ Kxe6
21. Rd6+ Ke7 22. Nd5+ Kd8 23. Nb6 Kc7 24. Nxa8+ Rxa8 25. Rhd1 Rd8 26. Bf2 Ncb8
27. Bh4 1-0

[Event "XXIV Weekend B"]
[Site "Robecchetto con Induno ITA"]
[Date "2013.12.30"]
[Round "6"]
[White "Posapiano, Giacomo"]
[Black "Frignani, Alessandro"]
[WhiteElo "1598"]
[BlackElo "1369"]
[Result "1-0"]
[PlyCount "81"]
[EventDate "2013.12.27"]

1. Nf3 d5 2. d4 e6 3. c3 c5 4. Bf4 Qb6 5. Qc2 Nc6 6. e3 g6 7. a4 a6 8. Nbd2 Bg7
9. Nb3 c4 10. Nbd2 a5 11. e4 Nge7 12. Be2 Bd7 13. O-O Rc8 14. b3 cxb3 15. Nxb3
Nxd4 16. Nbxd4 Bxd4 17. Nxd4 Qxd4 18. Rfc1 Qxe4 19. Qd2 e5 20. Bh6 Qf5 21. Bf3
e4 22. Qd4 f6 23. Be2 Rg8 24. Be3 Nc6 25. Qb6 Rb8 26. Bb5 Qe6 27. Bf4 Ne5 28.
Bxd7+ Qxd7 29. Qxf6 Nc6 30. Bxb8 Nxb8 31. Qe5+ Kf7 32. Rd1 Rd8 33. Rab1 Nc6 34.
Qf4+ Kg7 35. Rb6 Rf8 36. Qd2 Rb8 37. Rdb1 Ne7 38. Qf4 Nc6 39. Rxc6 Qxc6 40.
Qxb8 Qxc3 41. Rxb7+ 1-0

[Event "XXIV Weekend B"]
[Site "Robecchetto con Induno ITA"]
[Date "2013.12.30"]
[Round "6"]
[White "Puricelli, Roberto"]
[Black "Milazzo, Gianluca"]
[WhiteElo "1496"]
[BlackElo "1485"]
[Result "1-0"]
[PlyCount "125"]
[EventDate "2013.12.27"]

1. e4 d6 2. d4 Nf6 3. Nc3 g6 4. Nf3 Bg7 5. Bg5 Nbd7 6. Qd2 c6 7. Bc4 Qa5 8. O-O
b5 9. Bd3 b4 10. Ne2 O-O 11. a3 c5 12. axb4 Qxb4 13. Qxb4 cxb4 14. Ra4 a5 15.
Rfa1 Bb7 16. Ng3 h6 17. Bxf6 Nxf6 18. Rxa5 Rxa5 19. Rxa5 Ra8 20. Rxa8+ Bxa8 21.
h3 d5 22. e5 Ne8 23. Nd2 Bf8 24. Nb3 Kg7 25. f4 e6 26. Ne2 f6 27. g4 fxe5 28.
fxe5 Be7 29. Nf4 Nc7 30. Nxg6 Bg5 31. Kf2 Bc6 32. Kf3 Ba4 33. Nc5 Bb5 34. Nf4
Bxd3 35. Ncxd3 Be7 36. Nc5 Kf7 37. Ne2 Nb5 38. c3 bxc3 39. bxc3 Bg5 40. Na4 Bd2
41. h4 Kg6 42. Nf4+ Kf7 43. g5 hxg5 44. hxg5 Nxc3 45. Nxc3 Bxc3 46. g6+ Kg7 47.
Ke3 Bb4 48. Nxe6+ Kxg6 49. Nf4+ Kf5 50. Nxd5 Bf8 51. Nc7 Bh6+ 52. Kd3 Bg5 53.
Kc4 Bd8 54. Nb5 Ke6 55. Kc5 Ba5 56. Kc6 Ke7 57. d5 Bb4 58. Nc7 Bc3 59. d6+ Kd8
60. Ne6+ Ke8 61. d7+ Ke7 62. d8=Q+ Kxe6 63. Qd6+ 1-0

[Event "XXIV Weekend B"]
[Site "Robecchetto con Induno ITA"]
[Date "2013.12.28"]
[Round "3"]
[White "Assanelli, Andrea"]
[Black "Puricelli, Roberto"]
[WhiteElo "1440"]
[BlackElo "1496"]
[Result "0-1"]
[PlyCount "83"]
[EventDate "2013.??.??"]

1. d4 d5 2. Bf4 e6 3. Nf3 c5 4. e3 Nf6 5. Be2 Nc6 6. O-O Be7 7. h3 O-O 8. Nbd2
Qb6 9. Rb1 cxd4 10. Nxd4 Nxd4 11. exd4 Qxd4 12. Bh2 a6 13. c4 Bb4 14. Nb3 Qxd1
15. Rfxd1 dxc4 16. Bxc4 b5 17. Be2 Bb7 18. a3 Bd5 19. Nd4 Bc5 20. Rbc1 Bxd4 21.
Rxd4 Rac8 22. Rdd1 h6 23. Be5 Nd7 24. Bd6 Rfe8 25. Bb4 Nb6 26. Bd2 Na4 27. b4
Bb3 28. Re1 Red8 29. Be3 Rc3 30. Bf3 Bd5 31. Red1 Rxa3 32. Bxd5 exd5 33. Bd4
Rb3 34. Rc6 Rxb4 35. Rxa6 Rb3 36. Rc6 Rd7 37. Kf1 Rb4 38. Rd2 Rc4 39. Ra6 Nc5
40. Bxc5 Rxc5 41. Rb6 Re7 42. Rd6 0-1

[Event "XXIV Weekend B"]
[Site "Robecchetto con Induno ITA"]
[Date "2013.12.28"]
[Round "3"]
[White "Cavagna, Marco"]
[Black "Gerosa, Ottavio"]
[WhiteElo "1527"]
[BlackElo "1467"]
[Result "1-0"]
[PlyCount "153"]
[EventDate "2013.??.??"]

1. d4 e6 2. c4 Nf6 3. Nc3 Bb4 4. Bd2 b6 5. e3 Bb7 6. f3 d6 7. Bd3 Nbd7 8. Nge2
c5 9. O-O O-O 10. a3 Bxc3 11. Bxc3 d5 12. dxc5 Nxc5 13. b4 Nxd3 14. Qxd3 Qe7
15. b5 dxc4 16. Qxc4 Rac8 17. Qb3 Nd5 18. Bd2 Rc7 19. e4 Nf6 20. Bb4 Rc5 21.
Bxc5 Qxc5+ 22. Kh1 h5 23. Rac1 Qe7 24. Nd4 Nd7 25. Nc6 Qg5 26. f4 Qh6 27. Qd3
Nc5 28. Qb1 h4 29. h3 a6 30. Ne7+ Kh8 31. bxa6 Bxa6 32. Rf2 Nd3 33. Rf3 Nxc1
34. Qxc1 Qf6 35. Qc7 Re8 36. Nc6 Rc8 37. Qxb6 e5 38. Qxa6 Rxc6 39. Qa8+ Kh7 40.
Qb8 Rc1+ 41. Kh2 exf4 42. Qxf4 Qxf4+ 43. Rxf4 g5 44. Rxf7+ Kg6 45. Rb7 Ra1 46.
Rb6+ Kf7 47. Rb3 Ke6 48. Rb5 Rxa3 49. Rxg5 Re3 50. Rg4 Kf6 51. Rxh4 Kg5 52.
Rg4+ Kh5 53. Rf4 Kg5 54. Rf5+ Kg6 55. Rf4 Kg5 56. g3 Re2+ 57. Kg1 Re3 58. Kf2
Ra3 59. h4+ Kh5 60. e5 Ra6 61. Re4 Re6 62. Kf3 Kg6 63. g4 Re8 64. h5+ Kh6 65.
e6 Rf8+ 66. Kg3 Kg5 67. Re5+ Kf6 68. e7 Re8 69. Kf4 Kf7 70. Kf5 Kg7 71. Re6 Kf7
72. g5 Kg7 73. h6+ Kh7 74. Kf6 Kg8 75. g6 Kh8 76. Kf7 Rxe7+ 77. Kxe7 1-0

[Event "XXIV Weekend B"]
[Site "Robecchetto con Induno ITA"]
[Date "2013.12.28"]
[Round "3"]
[White "Corbelli, Daniele"]
[Black "Minore, Antonino"]
[WhiteElo "1467"]
[BlackElo "1275"]
[Result "0-1"]
[PlyCount "50"]
[EventDate "2013.??.??"]

1. e4 c6 2. d4 d5 3. Nc3 f5 4. exd5 cxd5 5. Nf3 g6 6. Bf4 a6 7. Qe2 Nc6 8.
O-O-O Bg7 9. Be5 Nxe5 10. Nxe5 Nf6 11. f3 O-O 12. g3 Bd7 13. h4 h5 14. Bh3 Be8
15. g4 fxg4 16. fxg4 hxg4 17. Nxg4 Rc8 18. Nxf6+ exf6 19. Bxc8 Qxc8 20. Nxd5
Qd8 21. c4 b5 22. Qe6+ Rf7 23. Qxa6 bxc4 24. Qxc4 Kh7 25. Nf4 Rc7 0-1

[Event "XXIV Weekend B"]
[Site "Robecchetto con Induno ITA"]
[Date "2013.12.28"]
[Round "3"]
[White "Franchetti Pardo, Niccolo'"]
[Black "Vignati, Andrea"]
[WhiteElo "1496"]
[BlackElo "1501"]
[Result "1/2-1/2"]
[PlyCount "102"]
[EventDate "2013.??.??"]

1. d4 d5 2. Nd2 Nf6 3. Ngf3 Bg4 4. h3 Bh5 5. e3 e6 6. Bd3 Bb4 7. c3 Bd6 8. O-O
Nbd7 9. Qc2 c5 10. c4 cxd4 11. Nxd4 Rc8 12. Nb5 Qb6 13. b3 a6 14. Nxd6+ Qxd6
15. Bb2 dxc4 16. Nxc4 Qb8 17. Nd6+ Kd8 18. Nxc8 Qxc8 19. Qxc8+ Kxc8 20. Rac1+
Kb8 21. f3 Nb6 22. Be5+ Ka8 23. e4 Nbd7 24. Bxf6 gxf6 25. Rc7 Ne5 26. Be2 Kb8
27. Rfc1 Rd8 28. Kf2 Nc6 29. R7xc6 bxc6 30. Rxc6 Kb7 31. Rxa6 Bg6 32. Ke3 f5
33. Ra4 fxe4 34. fxe4 Rd6 35. Rd4 Rc6 36. Rb4+ Ka7 37. Rc4 Rd6 38. e5 Rd5 39.
Bf3 Rxe5+ 40. Kd2 Kb6 41. h4 Ra5 42. a4 Re5 43. g4 h5 44. gxh5 Bxh5 45. Bxh5
Rxh5 46. Ke3 f5 47. Rd4 e5 48. Rd5 Rxh4 49. Rxe5 Rh3+ 50. Kf4 Rxb3 51. Kxf5 Ra3
1/2-1/2

[Event "XXIV Weekend B"]
[Site "Robecchetto con Induno ITA"]
[Date "2013.12.28"]
[Round "3"]
[White "Gonella, Graziano"]
[Black "Frignani, Alessandro"]
[WhiteElo "1155"]
[BlackElo "1369"]
[Result "0-1"]
[PlyCount "112"]
[EventDate "2013.??.??"]

1. e4 e5 2. Nc3 c6 3. Nf3 Qf6 4. d3 h6 5. Be3 d6 6. Be2 Nd7 7. Qd2 Qg6 8. Rg1
Be7 9. O-O-O Ngf6 10. Nh4 Qh7 11. Nf5 Bf8 12. h3 h5 13. d4 h4 14. dxe5 Nxe4 15.
Nxd6+ Nxd6 16. exd6 b6 17. Bd3 g6 18. Bg5 f6 19. Qe3+ Kf7 20. Bf4 Bb7 21. Bc4+
Kg7 22. Qe6 Ne5 23. Bxe5 fxe5 24. Qf7+ Kh6 25. Qf3 Qd7 26. Ne4 c5 27. Rge1 Qf5
28. Qe2 Qh5 29. d7 Qxe2 30. Rxe2 Be7 31. Nd6 Bxd6 32. Rxd6 Rad8 33. Rxe5 Rh7
34. Be6 Bxg2 35. Bf5 Rg7 36. Ree6 Kg5 37. Bxg6 Rdxd7 38. Rxd7 Rxd7 39. Bd3 Bxh3
40. Rg6+ Kf4 41. Rf6+ Ke5 42. Rf3 Bg2 43. Re3+ Kf6 44. Bb5 Re7 45. Rd3 h3 46.
Bc6 Re2 47. Bxg2 hxg2 48. Rf3+ Ke5 49. Rg3 Rxf2 50. b3 Rf1+ 51. Kd2 g1=Q 52.
Rd3 Rf2+ 53. Kc3 Qe1+ 54. Rd2 Qxd2+ 55. Kb2 Kd4 56. b4 Qc3+ 0-1

[Event "XXIV Weekend B"]
[Site "Robecchetto con Induno ITA"]
[Date "2013.12.28"]
[Round "3"]
[White "Milazzo, Gianluca"]
[Black "Koureas, Panicos"]
[WhiteElo "1485"]
[BlackElo "1418"]
[Result "0-1"]
[PlyCount "100"]
[EventDate "2013.??.??"]

1. c4 Nf6 2. Nf3 d6 3. g3 g6 4. Bg2 Bg7 5. Nc3 O-O 6. O-O e5 7. d3 Nbd7 8. Rb1
Re8 9. Ne1 Nc5 10. b4 Ne6 11. Bd2 c6 12. b5 Bd7 13. Nc2 Rb8 14. Nb4 c5 15. Nbd5
b6 16. f4 exf4 17. Nxf4 Ng4 18. Nfd5 Nc7 19. e4 Bd4+ 20. Kh1 Nxd5 21. Nxd5 Nf2+
22. Rxf2 Bxf2 23. Qf3 Bd4 24. Rf1 Be6 25. Nf4 Qf6 26. Qe2 Qg7 27. h4 f5 28. Qf3
fxe4 29. dxe4 Bxc4 30. Rb1 Be5 31. a3 Rf8 32. Qg4 Bxf4 33. Bxf4 Rbd8 34. a4 h5
35. Qd1 Qd4 36. Qf3 Be6 37. Rd1 Qxa4 38. Qc3 Qxd1+ 39. Kh2 Qd4 40. Qe1 Bg4 41.
Qc1 Qb4 42. Bh6 Rf2 43. Qa1 Rb2 44. Bc1 Rxg2+ 45. Kxg2 Qxe4+ 46. Kg1 Qe1+ 47.
Kg2 Rf8 48. Qb2 Qf1+ 49. Kh2 Qh3+ 50. Kg1 Rf1# 0-1

[Event "XXIV Weekend B"]
[Site "Robecchetto con Induno ITA"]
[Date "2013.12.28"]
[Round "3"]
[White "Monzeglio, Graziella"]
[Black "Ciochetta, Giovanni"]
[WhiteElo "1295"]
[BlackElo "1584"]
[Result "0-1"]
[PlyCount "58"]
[EventDate "2013.??.??"]

1. d4 Nf6 2. Nf3 e6 3. e3 Nc6 4. Bd3 d5 5. O-O Bd6 6. Re1 Bd7 7. Nbd2 Qe7 8. e4
dxe4 9. Nxe4 Nxe4 10. Bxe4 O-O-O 11. a3 Rdf8 12. Be3 Kb8 13. c4 Qd8 14. d5 Ne5
15. Qd4 Nxf3+ 16. Bxf3 b6 17. h3 e5 18. Qd3 f5 19. Qb3 f4 20. c5 fxe3 21. cxd6
exf2+ 22. Kxf2 cxd6 23. Kg1 Qg5 24. Qb4 Rf6 25. h4 Qg6 26. Re4 Rhf8 27. Kf2 Rf4
28. Qc3 Rc8 29. Qd2 Rc2 0-1

[Event "XXIV Weekend B"]
[Site "Robecchetto con Induno ITA"]
[Date "2013.12.28"]
[Round "3"]
[White "Negro, Andrea"]
[Black "Palermiti, Francesco"]
[WhiteElo "1338"]
[BlackElo "1467"]
[Result "0-1"]
[PlyCount "82"]
[EventDate "2013.??.??"]

1. e4 c5 2. Nf3 d6 3. d4 cxd4 4. Nxd4 Nf6 5. Nc3 a6 6. Be3 e6 7. f3 Nc6 8. Qd2
Be7 9. O-O-O O-O 10. g4 e5 11. Nb3 b5 12. h4 Be6 13. Nd5 Bxd5 14. exd5 Nb8 15.
h5 Re8 16. g5 Nfd7 17. h6 g6 18. f4 exf4 19. Qd4 Bf8 20. Bxf4 Ne5 21. Re1 Nbd7
22. Bg2 Rc8 23. Re2 Rc4 24. Qd2 Qc7 25. Na5 Rc8 26. Nxc4 bxc4 27. Bxe5 Nxe5 28.
Rh3 Nd3+ 29. Kd1 Nxb2+ 30. Ke1 c3 31. Qd4 Nc4 32. Rxc3 Qa5 33. Re4 Ne5 34. Ree3
Rc4 35. Qd2 Qxa2 36. Rxe5 Qa1+ 37. Kf2 Qxc3 38. Qxc3 Rxc3 39. Re3 Rxc2+ 40. Re2
Rxe2+ 41. Kxe2 Be7 0-1